[Event "ch-IND National A"]
[Site "Calicut IND"]
[Date "2003.12.06"]
[Round "5"]
[White "Singh,SV"]
[Black "Barua,D"]
[Result "1/2-1/2"]
[WhiteElo "2342"]
[BlackElo "2528"]
[EventDate "2003.12.04"]

1. d4 d5 2. c4 e6 3. Nc3 c6 4. Nf3 Nf6 5. Bg5 h6 6. Bxf6 Qxf6 7. e3 Nd7 8.
Rc1 g6 9. Bd3 Bg7 10. O-O dxc4 11. Bxc4 O-O 12. e4 e5 13. d5 Nb6 14. Bb3
Rd8 15. Qe2 Bd7 16. Rfd1 Be8 17. dxc6 bxc6 18. h3 Rxd1+ 19. Rxd1 Rd8 20.
Rxd8 Qxd8 21. Qa6 Qc7 22. Qa5 Nd5 23. Qc5 Nxc3 24. Qxc3 Bf6 25. Qc5 Kg7 26.
Bc4 Qb6 27. Qa3 g5 28. Qc3 Qc5 29. Qd3 h5 30. a4 Kf8 31. b3 Ke7 32. Ne1 g4
33. hxg4 hxg4 34. Nc2 Bg5 35. g3 f6 36. Kf1 Bd7 37. Ke2 a5 38. Ne3 Bxe3 39.
Qxe3 Qd4 40. f4 gxf3+ 41. Qxf3 c5 42. Bd5 Bc8 43. Ke1 Ba6 44. Qg4 Qc3+ 45.
Kd1 Qd3+ 46. Ke1 Qb1+ 47. Kd2 Qb2+ 48. Kd1 Qd4+ 49. Ke1 Qg1+ 50. Kd2 Qf2+
51. Kd1 Qf1+ 52. Kd2 Qd3+ 53. Ke1 Qb1+ 54. Kd2 Qb2+ 55. Kd1 1/2-1/2

[Event "ch-IND National A"]
[Site "Calicut IND"]
[Date "2003.12.06"]
[Round "4"]
[White "Das,A"]
[Black "Ravi,Th"]
[Result "1/2-1/2"]
[WhiteElo "2299"]
[BlackElo "2380"]
[EventDate "2003.12.04"]

1. e4 e5 2. Nf3 Nc6 3. c3 d6 4. d4 exd4 5. cxd4 Nf6 6. d5 Ne5 7. Be2 Nxf3+
8. Bxf3 g6 9. Nc3 h6 10. Be3 Bg7 11. Qd2 Bg4 12. Bd1 Bxd1 13. Rxd1 O-O 14.
O-O Kh7 15. Bd4 Qd7 16. f4 Rfe8 17. Qd3 Qe7 18. Rfe1 Nd7 19. Nb5 Bxd4+ 20.
Qxd4 Nc5 21. e5 Qd7 22. Nc3 a5 23. Ne2 Qa4 24. Qxa4 Nxa4 25. b3 Nb6 26. Nc3
Rad8 27. Kf2 Kg7 28. h4 h5 29. Re3 Rd7 30. exd6 Rxe3 31. Kxe3 cxd6 32. Ne4
f5 33. Nc3 Re7+ 34. Kd4 Kf6 35. g3 Re8 36. Kd3 Re7 37. Kd4 Re8 38. Rg1 Kf7
39. Rd1 Kf6 40. Rg1 Re7 1/2-1/2

[Event "ch-IND National A"]
[Site "Calicut IND"]
[Date "2003.12.06"]
[Round "4"]
[White "Kunte,A"]
[Black "Singh,SV"]
[Result "1-0"]
[WhiteElo "2535"]
[BlackElo "2342"]
[EventDate "2003.12.04"]

1. d4 d5 2. c4 e6 3. Nf3 c6 4. Qc2 Nf6 5. g3 Nbd7 6. Bg2 Bd6 7. O-O O-O 8.
Nbd2 Re8 9. Rd1 Qe7 10. Nf1 b5 11. cxb5 cxb5 12. Bf4 Bb7 13. Qd3 a6 14.
Rac1 Rac8 15. N3d2 Nb6 16. Bxd6 Qxd6 17. Nb3 Nfd7 18. e3 Nc4 19. Rc2 Rc7
20. Qe2 Rec8 21. Nc1 Ncb6 22. Rxc7 Rxc7 23. Nd3 Na4 24. Qd2 Nab6 25. Qe1
Rc2 26. Nd2 Na4 27. Rb1 g6 28. Qd1 Rc7 29. Nb3 Kg7 30. Rc1 Rxc1 31. Qxc1
Qb6 32. Nbc5 Naxc5 33. dxc5 Qc7 34. b4 Bc6 35. Qc3+ f6 36. f4 Qd8 37. Qa3
Nb8 38. Qb2 Nd7 39. g4 Kf7 40. Ne1 a5 41. a3 axb4 42. axb4 h5 43. gxh5 gxh5
44. Nf3 Nb8 45. Nd4 Be8 46. f5 exf5 47. Qb3 Kg6 48. Bxd5 Kh7 49. Be6 Bg6
50. Bxf5 Bxf5 51. Nxf5 Qd7 52. Qc2 Kh8 53. Nd4 Qg4+ 54. Qg2 Qd1+ 55. Kf2
Nd7 56. Qf3 Qd2+ 57. Qe2 Qxb4 58. Qxh5+ Kg7 59. Ne6+ 1-0

[Event "ch-IND National A"]
[Site "Calicut IND"]
[Date "2003.12.06"]
[Round "4"]
[White "Bakre,T"]
[Black "Roy Chowdhury,S"]
[Result "1/2-1/2"]
[WhiteElo "2443"]
[BlackElo "2421"]
[EventDate "2003.12.04"]

1. e4 c5 2. Nf3 Nc6 3. d4 cxd4 4. Nxd4 e5 5. Nb5 d6 6. N1c3 a6 7. Na3 b5 8.
Nd5 Nce7 9. c4 Nxd5 10. exd5 bxc4 11. Nxc4 Nf6 12. Be3 Rb8 13. Rc1 Be7 14.
Nb6 O-O 15. Nxc8 Rxc8 16. Bc4 Nd7 17. O-O a5 18. Bb5 Nc5 19. Qe2 Bg5 20.
Bxg5 Qxg5 21. Rc3 Rb8 22. a3 a4 23. Qc4 1/2-1/2

[Event "ch-IND National A"]
[Site "Calicut IND"]
[Date "2003.12.06"]
[Round "4"]
[White "Barua,D"]
[Black "Sandipan,C"]
[Result "1/2-1/2"]
[WhiteElo "2528"]
[BlackElo "2504"]
[EventDate "2003.12.04"]

1. e4 c5 2. Nf3 e6 3. d4 cxd4 4. Nxd4 Nf6 5. Nc3 d6 6. Be2 Be7 7. O-O Nc6
8. Be3 Bd7 9. Nb3 a6 10. a4 Na5 11. Nd2 Bc6 12. Rb1 d5 13. e5 d4 14. exf6
Bxf6 15. Nde4 Bxe4 16. Nxe4 dxe3 17. fxe3 Be7 18. Bd3 O-O 19. Qh5 f5 20.
Nf2 1/2-1/2

[Event "ch-IND National A"]
[Site "Calicut IND"]
[Date "2003.12.06"]
[Round "4"]
[White "Hariharan,V"]
[Black "Venkatesh,M"]
[Result "0-1"]
[WhiteElo "2245"]
[BlackElo "2401"]
[EventDate "2003.12.04"]

1. d4 Nf6 2. Nf3 b6 3. Bf4 Bb7 4. e3 g6 5. Be2 Bg7 6. O-O d6 7. h3 Nbd7 8.
a4 a5 9. Bh2 O-O 10. c4 Re8 11. Nc3 e5 12. Qc2 Qe7 13. Nd2 d5 14. Rad1 exd4
15. exd4 c5 16. Bf3 cxd4 17. Nxd5 Nxd5 18. Bxd5 Nc5 19. b3 Rad8 20. Bxb7 d3
21. Qb1 Qxb7 22. Rfe1 Re2 23. Bf4 Bd4 24. Rxe2 dxe2 25. Re1 Nd3 26. Qxd3
Bxf2+ 27. Kxf2 Rxd3 28. Rxe2 Qd7 29. Nf3 Rxb3 30. Bg5 Kg7 31. Re7 Qf5 32.
Be3 Qc2+ 33. Kg3 Kf8 34. Re5 f6 35. Bh6+ Kf7 36. Rd5 Qxc4 37. Rd7+ Ke6 38.
Rxh7 g5 39. Bf8 Qf4+ 40. Kf2 Rb2+ 41. Kf1 Qc4+ 42. Kg1 Rb1+ 0-1

[Event "ch-IND National A"]
[Site "Calicut IND"]
[Date "2003.12.06"]
[Round "4"]
[White "Roktim,B"]
[Black "Sundararajan,K"]
[Result "1/2-1/2"]
[WhiteElo "2352"]
[BlackElo "2446"]
[EventDate "2003.12.04"]

1. e4 c5 2. Nf3 d6 3. Bc4 Nf6 4. d3 e6 5. O-O Be7 6. Bb3 O-O 7. c3 b5 8. a4
bxa4 9. Rxa4 Nbd7 10. Re1 Bb7 11. Bc2 Qc7 12. Ra2 Rfe8 13. Nbd2 Bf8 14. Nc4
Nb6 15. Na5 Ba6 16. Bf4 e5 17. Bg5 Nfd7 18. Nd2 Nb8 19. Ndc4 Bc8 20. Ne3
Be6 21. Bb3 Nc6 22. Nxc6 Qxc6 23. Bxe6 fxe6 24. Nc4 Be7 25. Bxe7 Rxe7 26.
Qa1 1/2-1/2

[Event "ch-IND National A"]
[Site "Calicut IND"]
[Date "2003.12.06"]
[Round "4"]
[White "Koneru,H"]
[Black "Sareen,V"]
[Result "1-0"]
[WhiteElo "2485"]
[BlackElo "2367"]
[EventDate "2003.12.04"]

1. d4 Nf6 2. c4 g6 3. Nf3 Bg7 4. Qc2 O-O 5. e4 d6 6. Be2 e5 7. d5 a5 8. O-O
Na6 9. Nc3 Nh5 10. Ne1 Nf4 11. Bxf4 exf4 12. Qd2 g5 13. Nd3 Bd7 14. Rfe1
Qe7 15. Bf1 Kh8 16. Rac1 Rg8 17. a3 a4 18. Nb5 b6 19. Nb4 Bxb5 20. cxb5
Nxb4 21. Qxb4 Be5 22. Rc6 f6 23. Rec1 Ra7 24. Qd2 g4 25. g3 f3 26. R1c4 Rg7
27. Qc2 h5 28. Rxa4 Rxa4 29. Qxa4 Bxb2 30. Rc2 Be5 31. Qa8+ Kh7 32. Bd3 h4
33. Kf1 Kg6 34. Ke1 hxg3 35. hxg3 Rh7 36. Kd2 Bd4 37. Qc8 Qd7 38. e5+ f5
39. Qxd7 Rxd7 40. e6 Rh7 41. Rc4 Bxf2 42. Rf4 Bc5 43. Bxf5+ 1-0

[Event "ch-IND National A"]
[Site "Calicut IND"]
[Date "2003.12.06"]
[Round "4"]
[White "Suvrajit,S"]
[Black "Srinivasa Rao,M"]
[Result "1-0"]
[WhiteElo "2387"]
[BlackElo "2329"]
[EventDate "2003.12.04"]

1. c4 c5 2. g3 Nf6 3. Bg2 d5 4. cxd5 Nxd5 5. Nc3 Nc7 6. d3 e5 7. Nf3 Nc6 8.
O-O Be7 9. b3 O-O 10. Bb2 Be6 11. Qc1 b6 12. Rd1 Nd5 13. Nxd5 Bxd5 14. e4
Be6 15. Nxe5 Nd4 16. Bxd4 cxd4 17. Nc6 Qd7 18. Nxe7+ Qxe7 19. Qb2 Qb4 20.
Rdc1 Rac8 21. a3 Qxb3 22. Qxb3 Bxb3 23. Kf1 Bc2 24. Ke2 Rc3 25. Kd2 Rfc8
26. Bf1 f6 27. Bh3 R8c5 28. Be6+ Kf8 29. Bc4 R3xc4 30. dxc4 d3 31. Re1 Rxc4
32. e5 f5 33. f4 Ke7 34. Re3 Ke6 35. h4 b5 36. Ra2 a5 37. Rb2 b4 38. axb4
axb4 39. Rxd3 Bxd3 40. Kxd3 Kd5 41. Re2 Rc3+ 42. Kd2 Ra3 43. Re3 b3 44.
Rd3+ Kc4 45. Rc3+ Kb4 46. Rc7 Ra1 47. Rxg7 b2 48. Rb7+ Ka3 49. Ra7+ Kb3 50.
Rb7+ Ka3 51. g4 fxg4 52. e6 b1=Q 53. Rxb1 Rxb1 54. e7 Rb2+ 55. Ke3 Rb1 56.
Ke2 Rb2+ 57. Kd3 Rb8 58. f5 g3 59. Ke2 Rg8 60. Kf1 Kb4 61. f6 1-0

[Event "ch-IND National A"]
[Site "Calicut IND"]
[Date "2003.12.06"]
[Round "4"]
[White "Sriram,J"]
[Black "Ramesh,R"]
[Result "0-1"]
[WhiteElo "2458"]
[BlackElo "2466"]
[EventDate "2003.12.04"]

1. d4 Nf6 2. c4 e6 3. Nc3 Bb4 4. e3 O-O 5. Nge2 d5 6. a3 Be7 7. cxd5 exd5
8. b4 Nbd7 9. Ng3 Re8 10. Bd3 a5 11. b5 c5 12. bxc6 bxc6 13. O-O Ba6 14.
Bxa6 Rxa6 15. Qd3 Qa8 16. f3 c5 17. Nf5 Bf8 18. g4 g6 19. Ng3 h6 20. Ra2
Rb6 21. a4 Rb3 22. Qc2 Rb4 23. Nb5 Rc8 24. Qd1 Nb6 25. Bd2 Rc4 26. Qb3 Rb4
27. Qd1 Nc4 28. Bxb4 Nxe3 29. Qc1 cxd4 30. Nc7 Nxf1 31. Bxf8 Ne3 32. Bxh6
Qb7 33. Bf4 Ne8 34. Rb2 Qa7 35. Qc6 Nxc7 36. Rb7 Qa6 37. Qxa6 Nxa6 38. Ne2
d3 39. Bxe3 dxe2 40. Kf2 Re8 41. Rb3 e1=Q+ 42. Kxe1 d4 43. Kf2 Nc5 44. Rb5
dxe3+ 45. Ke2 Nd3 0-1

[Event "ch-IND National A"]
[Site "Calicut IND"]
[Date "2003.12.06"]
[Round "4"]
[White "Prathamesh,S"]
[Black "Ganguly,S"]
[Result "1/2-1/2"]
[WhiteElo "2379"]
[BlackElo "2531"]
[EventDate "2003.12.04"]

1. e4 e5 2. Nf3 Nc6 3. Bb5 a6 4. Ba4 Nf6 5. d4 exd4 6. O-O Be7 7. Re1 b5 8.
Bb3 d6 9. Bd5 Nxd5 10. exd5 Ne5 11. Nxd4 O-O 12. Nc3 Bh4 13. Qe2 Re8 14.
Bf4 Bg4 15. Qf1 Qf6 16. Bxe5 dxe5 17. Nc6 Qd6 18. a4 b4 19. Ne4 Qxd5 20.
Nxb4 Qe6 21. Nc5 Qb6 22. Qc4 Be6 23. Qc3 Be7 1/2-1/2

[Event "ch-IND National A"]
[Site "Calicut IND"]
[Date "2003.12.05"]
[Round "3"]
[White "Sundararajan,K"]
[Black "Prathamesh,S"]
[Result "1/2-1/2"]
[WhiteElo "2446"]
[BlackElo "2379"]
[EventDate "2003.12.04"]

1. d4 Nf6 2. c4 e6 3. Nc3 Bb4 4. Qc2 c5 5. dxc5 Qc7 6. Nf3 Bxc5 7. g3 Qb6
8. e3 Be7 9. Bg2 d6 10. O-O a6 11. b3 Nbd7 12. Rd1 Qc7 13. Ba3 O-O 14. Rd2
Rb8 15. Rad1 Nc5 16. Nd4 Re8 17. Bb2 Bf8 18. h3 Ncd7 19. a4 Nc5 20. Ba3 Qb6
21. b4 Ncd7 22. Nf3 Qc7 23. b5 Qxc4 24. Bxd6 Bxd6 25. Rxd6 axb5 26. axb5
Qc7 27. Qb2 Nb6 28. R6d3 e5 29. e4 Be6 30. Rc1 Bc4 31. Rdd1 Rbd8 32. Qb4
Rc8 1/2-1/2

[Event "ch-IND National A"]
[Site "Calicut IND"]
[Date "2003.12.05"]
[Round "3"]
[White "Satyapragyan,S"]
[Black "Bakre,T"]
[Result "1/2-1/2"]
[WhiteElo "2415"]
[BlackElo "2443"]
[EventDate "2003.12.04"]

1. e4 e5 2. Nf3 Nc6 3. Bb5 Nf6 4. Qe2 Bc5 5. d3 d6 6. h3 h6 7. Nbd2 O-O 8.
Nf1 Nd4 9. Nxd4 Bxd4 10. c3 c6 1/2-1/2

[Event "ch-IND National A"]
[Site "Calicut IND"]
[Date "2003.12.05"]
[Round "3"]
[White "Sandipan,C"]
[Black "Kunte,A"]
[Result "1/2-1/2"]
[WhiteElo "2504"]
[BlackElo "2535"]
[EventDate "2003.12.04"]

1. e4 e5 2. Nf3 Nc6 3. Bb5 a6 4. Ba4 Nf6 5. O-O Be7 6. Re1 b5 7. Bb3 d6 8.
c3 O-O 9. d4 Bg4 10. Be3 exd4 11. cxd4 d5 12. e5 Ne4 13. Nc3 Nxc3 14. bxc3
f5 15. h3 Bh5 16. Bc1 Na5 17. Bc2 Nc4 18. Qd3 Bg6 19. Bf4 Rb8 20. Nd2 Rb6
1/2-1/2

[Event "ch-IND National A"]
[Site "Calicut IND"]
[Date "2003.12.05"]
[Round "3"]
[White "Roy Chowdhury,S"]
[Black "Neelotpal,D"]
[Result "1/2-1/2"]
[WhiteElo "2421"]
[BlackElo "2443"]
[EventDate "2003.12.04"]

1. d4 d5 2. Nf3 Nf6 3. c4 c6 4. cxd5 cxd5 5. Nc3 Nc6 6. Bf4 a6 7. e3 Bg4 8.
Be2 e6 9. Qb3 Bxf3 10. Bxf3 Na5 11. Qd1 Bd6 12. Bxd6 Qxd6 13. Qa4+ Nc6 14.
O-O O-O 15. Rfc1 Rac8 16. Qd1 Rc7 17. Na4 Nd7 18. Nc5 Nxc5 19. Rxc5 Ne5 20.
Rxc7 Nxf3+ 21. gxf3 Qxc7 22. Rc1 Qe7 1/2-1/2

[Event "ch-IND National A"]
[Site "Calicut IND"]
[Date "2003.12.05"]
[Round "3"]
[White "Ramesh,R"]
[Black "Koneru,H"]
[Result "1/2-1/2"]
[WhiteElo "2466"]
[BlackElo "2485"]
[EventDate "2003.12.04"]

1. e4 e5 2. Nf3 Nf6 3. Nxe5 d6 4. Nf3 Nxe4 5. d4 d5 6. Bd3 Nc6 7. O-O Be7
8. Re1 Bf5 9. c4 O-O 10. Nc3 Nxc3 11. bxc3 Bxd3 12. Qxd3 dxc4 13. Qxc4 Bd6
14. Qd3 Qf6 15. Bd2 Rfe8 16. c4 b6 17. Bc3 1/2-1/2

[Event "ch-IND National A"]
[Site "Calicut IND"]
[Date "2003.12.05"]
[Round "3"]
[White "Ravi,Th"]
[Black "Thipsay,P"]
[Result "1/2-1/2"]
[WhiteElo "2380"]
[BlackElo "2486"]
[EventDate "2003.12.04"]

1. e4 e5 2. Nf3 Nc6 3. d4 exd4 4. Nxd4 Nf6 5. Nc3 Bb4 6. Nxc6 bxc6 7. Bd3
d5 8. exd5 cxd5 9. O-O O-O 10. Bg5 c6 11. Qf3 Bd6 12. Rae1 Rb8 13. Nd1 h6
14. Bxf6 1/2-1/2

[Event "ch-IND National A"]
[Site "Calicut IND"]
[Date "2003.12.05"]
[Round "3"]
[White "Sareen,V"]
[Black "Hariharan,V"]
[Result "1/2-1/2"]
[WhiteElo "2367"]
[BlackElo "2245"]
[EventDate "2003.12.04"]

1. c4 e6 2. Nc3 d5 3. d4 Nf6 4. Bg5 Be7 5. e3 h6 6. Bh4 O-O 7. cxd5 Nxd5 8.
Bxe7 Qxe7 9. Nf3 b6 10. Nxd5 exd5 11. Qb3 Be6 12. Rc1 c5 13. dxc5 bxc5 14.
Qa3 Rc8 15. Be2 Qb7 16. O-O Qb6 17. Ne5 Nd7 18. Nxd7 Bxd7 19. Bf3 Be6 20.
Rfd1 Rab8 21. Rc2 d4 22. exd4 cxd4 23. Rcd2 Rd8 24. Be4 Rd6 25. Bb1 Rbd8
26. Qd3 g6 27. Qg3 Bc8 28. h4 h5 29. Qf4 1/2-1/2

[Event "ch-IND National A"]
[Site "Calicut IND"]
[Date "2003.12.05"]
[Round "3"]
[White "Singh,SV"]
[Black "Roktim,B"]
[Result "1-0"]
[WhiteElo "2342"]
[BlackElo "2352"]
[EventDate "2003.12.04"]

1. d4 e6 2. c4 Bb4+ 3. Bd2 Qe7 4. a3 Bxd2+ 5. Qxd2 d6 6. Nc3 Nf6 7. e4 e5
8. d5 a5 9. b3 Nbd7 10. f3 Nc5 11. Rb1 a4 12. b4 Nb3 13. Qb2 Nh5 14. Nge2
Bd7 15. Nc1 Nxc1 16. Rxc1 O-O 17. g3 f5 18. Bg2 f4 19. g4 Nf6 20. h3 c6 21.
O-O g5 22. Rfd1 cxd5 23. Nxd5 Nxd5 24. Rxd5 Bc6 25. Rd3 Rfd8 26. Bf1 Be8
27. Qd2 Bf7 28. Rd1 Kf8 29. Rxd6 Rxd6 30. Qxd6 Qxd6 31. Rxd6 Rc8 32. c5 Bb3
33. Rd7 Ke8 1-0

[Event "ch-IND National A"]
[Site "Calicut IND"]
[Date "2003.12.05"]
[Round "3"]
[White "Srinivasa Rao,M"]
[Black "Das,A"]
[Result "1/2-1/2"]
[WhiteElo "2329"]
[BlackElo "2299"]
[EventDate "2003.12.04"]

1. Nf3 Nf6 2. g3 d5 3. Bg2 c6 4. O-O Bg4 5. d3 e6 6. Nbd2 Be7 7. b3 Nbd7 8.
Bb2 O-O 9. h3 Bh5 10. e4 a5 11. a3 h6 1/2-1/2

[Event "ch-IND National A"]
[Site "Calicut IND"]
[Date "2003.12.08"]
[Round "7"]
[White "Bakre,T"]
[Black "Thipsay,P"]
[Result "1/2-1/2"]
[WhiteElo "2443"]
[BlackElo "2486"]
[EventDate "2003.12.04"]

1. e4 e5 2. Nf3 Nc6 3. d4 exd4 4. Nxd4 Nf6 5. Nxc6 bxc6 6. Nd2 d6 7. Bd3 g6
8. O-O Bg7 9. Nc4 O-O 10. Bg5 Qe8 11. Qf3 Nd7 12. Rae1 Ne5 13. Nxe5 Qxe5
14. Bc1 Qa5 15. a3 Rb8 16. b4 Qe5 17. Qe2 a5 18. bxa5 Qxa5 19. f4 Re8 20.
Qf3 f5 21. Re2 fxe4 22. Rxe4 Bd7 23. Kh1 Rxe4 24. Bxe4 Qc3 25. Bd3 Re8 26.
h3 d5 27. Kh2 Kh8 28. Qf2 c5 29. Bd2 Qxa3 30. Qh4 Bf5 31. Re1 Qa8 32. Bxf5
gxf5 33. Qh5 Rxe1 34. Bxe1 Qf8 35. Ba5 c6 36. Bc7 c4 37. Be5 d4 38. Qh6 d3
39. cxd3 cxd3 40. Bxg7+ Qxg7 41. Qd6 Qf7 42. Qxd3 Qd5 43. Qxd5 cxd5 44. g4
fxg4 45. hxg4 Kg7 46. Kg3 Kg6 47. Kf3 h5 48. gxh5+ 1/2-1/2

[Event "ch-IND National A"]
[Site "Calicut IND"]
[Date "2003.12.08"]
[Round "7"]
[White "Venkatesh,M"]
[Black "Prathamesh,S"]
[Result "1/2-1/2"]
[WhiteElo "2401"]
[BlackElo "2379"]
[EventDate "2003.12.04"]

1. e4 c5 2. Nf3 e6 3. d4 cxd4 4. Nxd4 a6 5. c4 Nf6 6. Nc3 Bb4 7. Qc2 Qc7 8.
a3 Bc5 9. Nb3 Be7 10. Be2 d6 11. Be3 O-O 12. O-O-O Nbd7 13. f4 b5 14. cxb5
axb5 15. Bxb5 Bb7 16. Bd3 Rfc8 17. Kb1 Qb8 18. Ka2 e5 19. Qe2 Rxc3 20. bxc3
d5 21. Bc1 Qa7 22. fxe5 Nxe5 23. Qe3 Qxe3 24. Bxe3 Bxa3 25. Kb1 dxe4 26.
Be2 Bd5 27. Kc2 Rb8 28. Rb1 Nc4 29. Bf4 Re8 30. Nd2 Nxd2 31. Kxd2 e3+ 32.
Bxe3 Bxg2 33. Rhg1 Bc6 34. Bd4 Ne4+ 35. Ke1 g6 36. Rb6 Bd7 37. Rb7 Be6 38.
Kd1 Nd6 39. Rb6 Nf5 40. Kc2 Bd6 41. h4 Bc7 42. Rb7 Bh2 43. Re1 Bg3 44. Rd1
Bd5 45. Bb5 Rc8 46. Rd7 Be6 47. Rb7 Bd5 48. Rd7 Be6 49. Rb7 Nd6 50. Rb6
Nxb5 51. Rxb5 Bxh4 52. Ra5 Bf5+ 53. Kd2 Bg5+ 54. Ke1 Bf4 55. Kf2 h5 56. Rg1
Kf8 57. Kf3 Bd6 58. Rh1 Be6 59. Ke4 Be7 60. Rha1 Bd7 61. Ra7 Bc6+ 62. Kf4
Bd6+ 63. Kg5 Bb8 64. Bc5+ Kg8 65. Re7 Bc7 66. Re3 Bd8+ 67. Be7 Bxe7+ 68.
Rxe7 Kg7 69. Raa7 Bd5 70. Rac7 Rf8 71. c4 Bg2 72. Re6 Kg8 73. Rf6 Be4 74.
c5 Kg7 75. c6 Bf5 76. Rd6 Re8 77. Rf6 Rf8 78. Rb7 h4 79. c7 Rc8 80. Rd6 h3
81. Kf4 h2 82. Rd1 Be6 83. Rb2 Rxc7 84. Rxh2 Rc4+ 85. Ke5 Bf5 86. Rd4 Rc5+
87. Kf4 Be6 88. Rg2 Kf6 89. Rf2 g5+ 90. Kg3+ Kg6 91. Rd6 Re5 92. Kf3 f6 93.
Rb6 g4+ 94. Kf4 Bf5 95. Rb4 Rc5 96. Rg2 Rc3 97. Rxg4+ Bxg4 98. Kxg4 Rc1 99.
Rb3 Rc4+ 100. Kg3 Kg5 101. Kf3 Rh4 102. Kg3 Ra4 103. Kf3 f5 104. Kg3 Rh4
105. Kg2 Rh8 106. Rg3+ Kf4 107. Rb3 Re8 108. Kf2 Re4 109. Rf3+ Kg4 110.
Rg3+ Kf4 111. Rf3+ Kg4 1/2-1/2

[Event "ch-IND National A"]
[Site "Calicut IND"]
[Date "2003.12.08"]
[Round "7"]
[White "Ravi,Th"]
[Black "Koneru,H"]
[Result "0-1"]
[WhiteElo "2380"]
[BlackElo "2485"]
[EventDate "2003.12.04"]

1. e4 g6 2. d4 Bg7 3. Nf3 d6 4. h3 Nd7 5. Be3 e6 6. Bd3 Ne7 7. Qd2 h6 8.
O-O b6 9. Ne1 Bb7 10. f4 c5 11. c3 c4 12. Bc2 Nf6 13. e5 Ne4 14. Qc1 Ng3
15. Rf2 a6 16. Nd2 b5 17. Nef3 Nef5 18. Nf1 Bxf3 19. Nxg3 Nxg3 20. gxf3 h5
21. Rg2 h4 22. a4 d5 23. Qb1 Bh6 24. axb5 axb5 25. Rxa8 Qxa8 26. Bxg6 b4
27. cxb4 fxg6 28. Qxg6+ Kd7 29. Qf7+ Kc6 30. Qxe6+ Kb5 31. Kf2 Qc6 32. Qf7
Rf8 33. Qa7 Ra8 34. Qh7 Ra2 35. Qb1 Qa8 36. Bd2 Qa7 37. Ke3 Qf7 38. Kf2 Ra6
39. Qc1 Qf5 40. Rg1 Qd3 41. Re1 Qxd4+ 42. Be3 Qd3 43. Qd1 Ra2 44. Qxd3 cxd3
45. Bd4 Bxf4 46. e6 d2 47. Rd1 Nf5 48. Bf6 Ra6 49. Bc3 Be3+ 50. Ke2 Rxe6
51. Bxd2 d4 52. Ra1 Bxd2+ 53. Kxd2 Kxb4 54. Rg1 Re3 55. Rf1 Kb3 56. Ra1
Kxb2 57. Ra4 Rxf3 58. Ra5 Kb3 59. Ke2 Re3+ 60. Kd2 Nd6 61. Ra8 Nc4+ 62. Kd1
d3 63. Rb8+ Kc3 64. Rc8 Rxh3 0-1

[Event "ch-IND National A"]
[Site "Calicut IND"]
[Date "2003.12.08"]
[Round "7"]
[White "Ganguly,S"]
[Black "Barua,D"]
[Result "1-0"]
[WhiteElo "2531"]
[BlackElo "2528"]
[EventDate "2003.12.04"]

1. e4 e6 2. d4 d5 3. Nc3 Nf6 4. Bg5 Bb4 5. e5 h6 6. Be3 Ne4 7. Qg4 Kf8 8.
a3 Bxc3+ 9. bxc3 c5 10. Bd3 Qa5 11. Ne2 cxd4 12. Bxd4 Nc6 13. O-O Nc5 14.
Ng3 Nxd4 15. cxd4 Nxd3 16. cxd3 Bd7 17. Rfc1 Rc8 18. Rxc8+ Bxc8 19. Nh5 Rg8
20. Qf4 Bd7 21. h4 Qd8 22. Re1 Bc6 23. Re3 g5 24. Qf3 Qa5 25. Qf6 Rg6 26.
Qh8+ Ke7 27. Qb8 Qd8 28. Qxa7 gxh4 29. Rf3 Kf8 30. Nf4 1-0

[Event "ch-IND National A"]
[Site "Calicut IND"]
[Date "2003.12.08"]
[Round "7"]
[White "Ramesh,R"]
[Black "Kunte,A"]
[Result "1/2-1/2"]
[WhiteElo "2466"]
[BlackElo "2535"]
[EventDate "2003.12.04"]

1. e4 e5 2. Nf3 Nc6 3. Bb5 a6 4. Ba4 Nf6 5. O-O Be7 6. Re1 b5 7. Bb3 d6 8.
c3 O-O 9. d4 Bg4 10. Be3 Bh5 11. h3 exd4 1/2-1/2

[Event "ch-IND National A"]
[Site "Calicut IND"]
[Date "2003.12.08"]
[Round "7"]
[White "Roy Chowdhury,S"]
[Black "Suvrajit,S"]
[Result "1/2-1/2"]
[WhiteElo "2421"]
[BlackElo "2387"]
[EventDate "2003.12.04"]

1. e4 e5 2. Nf3 Nc6 3. Nc3 Nf6 4. Bb5 Bc5 5. d3 d6 6. Bxc6+ bxc6 7. h3 h6
8. O-O O-O 9. Re1 Re8 10. Be3 Bxe3 11. Rxe3 c5 12. b3 Be6 1/2-1/2

[Event "ch-IND National A"]
[Site "Calicut IND"]
[Date "2003.12.08"]
[Round "7"]
[White "Satyapragyan,S"]
[Black "Hariharan,V"]
[Result "1-0"]
[WhiteElo "2415"]
[BlackElo "2245"]
[EventDate "2003.12.04"]

1. e4 e6 2. d4 d5 3. Nd2 c5 4. exd5 exd5 5. Bb5+ Nc6 6. Qe2+ Be7 7. dxc5
Nf6 8. Ngf3 O-O 9. Nb3 a6 10. Bxc6 bxc6 11. O-O Re8 12. Qd1 Bg4 13. Qd3 Ne4
14. Ne5 Bd7 15. Nxd7 Qxd7 16. Be3 a5 17. f3 Nf6 18. a4 Qc7 19. Rfe1 Nh5 20.
Qd2 g6 21. Bd4 f6 22. Bc3 Ng7 23. Bxa5 Bxc5+ 24. Nxc5 Rxa5 25. Rxe8+ Nxe8
26. b4 Ra7 27. Re1 Ng7 28. Qd4 Kf7 29. Qh4 h5 30. Qf2 Qb8 31. c3 Nf5 32. a5
d4 33. Qd2 Qd6 34. cxd4 Qxd4+ 35. Qxd4 Nxd4 36. Re4 Nb5 37. Kf2 Ra8 38. Rc4
Rd8 39. Ne4 f5 40. Ng5+ Kf6 41. f4 Rd6 42. Nf3 Na7 43. Rd4 Rxd4 44. Nxd4
Ke7 45. Ke3 Kd6 46. Nf3 Kd5 47. Kd3 c5 48. bxc5 Kxc5 49. Nh4 Kb5 50. Nxg6
Nc6 51. Nh4 Kxa5 52. Nxf5 Kb6 53. h4 Kc7 54. Ng7 Kd6 55. Nxh5 Kd5 56. Ke3
Ne7 57. Ng7 1-0

[Event "ch-IND National A"]
[Site "Calicut IND"]
[Date "2003.12.08"]
[Round "7"]
[White "Sundararajan,K"]
[Black "Sandipan,C"]
[Result "1/2-1/2"]
[WhiteElo "2446"]
[BlackElo "2504"]
[EventDate "2003.12.04"]

1. Nf3 Nf6 2. c4 e6 3. Nc3 d5 4. d4 c6 5. Bg5 dxc4 6. e4 b5 7. e5 h6 8. Bh4
g5 9. Nxg5 hxg5 10. Bxg5 Nbd7 11. g3 Bb7 12. Bg2 Qb6 13. exf6 O-O-O 14. O-O
c5 15. d5 b4 16. Rb1 Qa6 17. dxe6 Bxg2 18. e7 Bb7 19. Nd5 Qe6 20. Nf4 Qc6
21. exd8=Q+ Kxd8 22. f3 Bd6 23. Qd2 Be5 24. Ne2 Kc8 25. Rbc1 Qe6 26. Rf2
Nxf6 27. Nf4 Qa6 28. Qc2 Bd4 29. Qxc4 Bxf2+ 30. Kxf2 Qxc4 31. Rxc4 Nd7 32.
h4 Re8 33. Rc1 f6 34. Bh6 Rh8 35. Bg7 Rh7 36. Bxf6 Nxf6 37. Rxc5+ Kd7 38.
Rb5 Kd6 39. Rxb4 Nd5 40. Nxd5 Bxd5 41. a3 Rf7 42. f4 Rc7 43. g4 a5 44. Ra4
Rc2+ 45. Ke3 Rg2 46. Rxa5 Rxg4 47. h5 Rh4 48. b4 Rxh5 49. Kd4 Rf5 50. Ra6+
Bc6 51. Ke3 Rb5 52. Kd4 Kc7 53. Ra7+ Bb7 54. Ra5 Rxa5 1/2-1/2

[Event "ch-IND National A"]
[Site "Calicut IND"]
[Date "2003.12.08"]
[Round "8"]
[White "Sriram,J"]
[Black "Ravi,Th"]
[Result "0-1"]
[WhiteElo "2458"]
[BlackElo "2380"]
[EventDate "2003.12.04"]

1. d4 Nf6 2. c4 d6 3. Nf3 Nbd7 4. Nc3 e5 5. e4 c6 6. Be2 Be7 7. O-O a6 8.
a4 a5 9. h3 O-O 10. Be3 Re8 11. Qc2 Qc7 12. Rfe1 Nf8 13. Rad1 h6 14. Bf1
Ne6 15. Ne2 Bf8 16. Ng3 c5 17. d5 Nd4 18. Nxd4 cxd4 19. Bc1 Nd7 20. Rd3 Nc5
21. Rf3 g6 22. b3 Qd8 23. Ba3 b6 24. Bd3 Qh4 25. Nf1 Bd7 26. Nd2 h5 27. Nb1
Bh6 28. Bc1 Bxc1 29. Rxc1 f5 30. Nd2 f4 31. g3 Qf6 32. gxf4 exf4 33. Kh1 g5
34. Rg1 Re5 35. Be2 Kf7 36. Rd3 g4 37. Rxd4 f3 38. Bf1 Rg8 39. Qc3 Reg5 40.
Qe3 Qe5 41. Rg3 Ke7 42. h4 R5g6 43. Nb1 Qf6 44. e5 Qxe5 45. Nd2 Qxe3 46.
fxe3 Kd8 47. Bd3 R6g7 48. Bc2 Re8 49. e4 Rf7 50. Kg1 Re5 51. Kf2 Be8 52.
Rg1 Rfe7 53. Ke3 Bg6 54. Nxf3 Bxe4 55. Nxe5 Bxc2 56. Kd2 dxe5 57. Rdxg4
hxg4 58. Kxc2 Rg7 59. h5 Rh7 60. Rxg4 Rxh5 61. Rg8+ Kc7 62. Rg7+ Nd7 63. b4
Rh2+ 64. Kb3 Rh3+ 65. Kb2 axb4 66. a5 bxa5 67. c5 Rd3 68. c6 Rxd5 69. cxd7
Rxd7 70. Rg6 Rd6 71. Rg5 Rd5 72. Kb3 Kc6 0-1

[Event "ch-IND National A"]
[Site "Calicut IND"]
[Date "2003.12.08"]
[Round "8"]
[White "Koneru,H"]
[Black "Satyapragyan,S"]
[Result "1/2-1/2"]
[WhiteElo "2485"]
[BlackElo "2415"]
[EventDate "2003.12.04"]

1. Nf3 c5 2. g3 b6 3. Bg2 Bb7 4. O-O Nf6 5. d3 e6 6. e4 d6 7. Nbd2 Be7 8.
c3 Nbd7 9. Re1 O-O 10. Qe2 Ne5 11. Nxe5 dxe5 12. Nc4 Nd7 13. a4 Qc7 14. f4
exf4 15. Bxf4 Qd8 16. d4 cxd4 17. cxd4 Ba6 18. b3 e5 19. dxe5 Bc5+ 20. Kh1
Qe7 21. Qb2 Bxc4 22. bxc4 1/2-1/2